[Event "OPEN A"]
[Site "?"]
[Date "2008.08.24"]
[Round "2.24"]
[White "Skokan"]
[Black "Pavlicek, P."]
[Result "1-0"]
[WhiteElo "1747"]
[BlackElo "2086"]
[PlyCount "85"]
[EventDate "2008.08.23"]
[SourceDate "2008.08.24"]

1. e4 c5 2. Nf3 d6 3. d4 cxd4 4. Nxd4 Nf6 5. Nc3 a6 6. Be2 e5 7. Nb3 Be6 8. Bg5
Nbd7 9. O-O Be7 10. f4 O-O 11. f5 Bxb3 12. axb3 Re8 13. Qd2 Nc5 14. Qe3 Ng4 15.
Bxg4 Bxg5 16. Qf3 Nd7 17. Rad1 Nf6 18. Kh1 Rc8 19. Rd3 Rc6 20. Rfd1 Qc7 21. g3
b5 22. b4 Rd8 23. h4 Bh6 24. Bh3 Ne8 25. g4 f6 26. Nd5 Qf7 27. Qg2 g6 28. g5
Bg7 29. Rf1 Kh8 30. fxg6 hxg6 31. Rg3 Kh7 32. gxf6 Nxf6 33. Rxg6 Rxc2 34. Rxg7+
Qxg7 35. Nxf6+ Qxf6 36. Qxc2 Qxh4 37. Qc7+ Kh8 38. Kh2 Rg8 39. Qd7 Qxe4 40. Qf5
Qh4 41. Qf6+ Qxf6 42. Rxf6 Rd8 43. Kg3 1-0

[Event "OPEN A"]
[Site "?"]
[Date "2008.08.24"]
[Round "2.25"]
[White "Skala, J."]
[Black "Zvara, D."]
[Result "1-0"]
[WhiteElo "2084"]
[BlackElo "1802"]
[PlyCount "83"]
[EventDate "2008.08.23"]
[SourceDate "2008.08.24"]

1. e4 e5 2. Bc4 Nc6 3. Nf3 Bc5 4. c3 d6 5. b4 Bb6 6. a4 a6 7. d3 Nf6 8. O-O O-O
9. Be3 Ba7 10. Nbd2 Be6 11. Bxa7 Bxc4 12. Nxc4 Rxa7 13. b5 Ne7 14. Qb3 b6 15.
Ra3 a5 16. Re1 Ng6 17. d4 Nd7 18. Ne3 Re8 19. Nf5 Qf6 20. Raa1 Qe6 21. Qc2 f6
22. Rad1 Raa8 23. Nd2 Ne7 24. Nxe7+ Rxe7 25. Nf1 Rae8 26. Ne3 exd4 27. cxd4 Nb8
28. f3 Qd7 29. Nd5 Rf7 30. Rc1 f5 31. Qxc7 Qxc7 32. Nxc7 Rd8 33. Nd5 fxe4 34.
Rxe4 Rb7 35. Re7 Nd7 36. Rc6 Rbb8 37. Rxd6 Nf6 38. Nxf6+ gxf6 39. Ree6 Rxd6 40.
Rxd6 Kf7 41. d5 Rc8 42. Rc6 1-0

[Event "Open A"]
[Site "?"]
[Date "2008.08.24"]
[Round "2.26"]
[White "Halla, J."]
[Black "Lizner, M."]
[Result "1/2-1/2"]
[WhiteElo "1834"]
[BlackElo "2050"]
[PlyCount "35"]
[EventDate "2008.08.22"]
[SourceDate "2008.08.24"]

1. b3 e5 2. Bb2 d6 3. e3 Nc6 4. Bb5 Bd7 5. d4 exd4 6. exd4 Qg5 7. Qe2+ Nge7 8.
Nf3 Qh5 9. a3 O-O-O 10. Nbd2 Ng6 11. O-O-O Nf4 12. Qf1 Be7 13. Ne4 Kb8 14. Ng3
Qh6 15. Kb1 d5 16. Ne2 Nxe2 17. Qxe2 Rhe8 18. Qd2 1/2-1/2

[Event "Open A"]
[Site "?"]
[Date "2008.08.24"]
[Round "2.27"]
[White "Tejkal"]
[Black "Benak"]
[Result "1/2-1/2"]
[WhiteElo "2015"]
[BlackElo "1827"]
[PlyCount "53"]
[EventDate "2008.08.22"]
[SourceDate "2008.08.24"]

1. d4 d5 2. Nf3 Nf6 3. c4 e6 4. Nc3 Be7 5. Bg5 Nbd7 6. cxd5 Nxd5 7. Bxe7 Qxe7
8. Nxd5 exd5 9. e3 Qb4+ 10. Qd2 Qxd2+ 11. Nxd2 O-O 12. Bd3 f5 13. O-O Nf6 14.
Rac1 c6 15. Nf3 Ne4 16. b4 a6 17. Rfe1 Bd7 18. Ne5 Be8 19. Re2 Rd8 20. Rb2 Nd6
21. f4 Nf7 22. Nf3 Nd6 23. a4 Ra8 24. Rc5 b6 25. Rc1 b5 26. Ne5 Nc4 27. Bxc4
1/2-1/2

[Event "Open A"]
[Site "?"]
[Date "2008.08.24"]
[Round "2.28"]
[White "Hronik, P."]
[Black "Soural, J."]
[Result "0-1"]
[WhiteElo "1954"]
[BlackElo "2285"]
[PlyCount "42"]
[EventDate "2008.08.22"]
[SourceDate "2008.08.24"]

1. Nf3 Nf6 2. d4 g6 3. Bf4 Bg7 4. e3 O-O 5. Nbd2 d6 6. c3 Nbd7 7. Be2 b6 8. h4
Bb7 9. Qc2 c5 10. O-O-O Rc8 11. Bb5 Nd5 12. Bg3 N7f6 13. a3 a6 14. Bc4 b5 15.
Bxd5 Nxd5 16. h5 Qb6 17. hxg6 hxg6 18. Qe4 cxd4 19. Qh4 Rfe8 20. exd4 b4 21.
axb4 Nxc3 0-1

[Event "OPEN A"]
[Site "?"]
[Date "2008.08.24"]
[Round "2.29"]
[White "Horyna, J."]
[Black "Beil, M."]
[Result "1-0"]
[WhiteElo "1941"]
[BlackElo "2208"]
[Annotator ",Jaroslav"]
[PlyCount "60"]
[EventDate "2008.08.23"]
[SourceDate "2008.08.24"]

1. d4 d5 2. Nf3 Nf6 3. g3 Bf5 4. Bg2 e6 5. O-O h6 6. c4 c6 7. cxd5 exd5 8. Nc3
Bd6 9. b3 O-O 10. Bb2 Nbd7 11. e3 Re8 12. Re1 Ne4 13. Nxe4 Bxe4 14. Bc3 Rc8 15.
Nd2 Bxg2 16. Kxg2 Nf6 17. b4 Nh7 18. e4 dxe4 19. Rxe4 Nf6 20. Rxe8+ Qxe8 21.
Qe1 Nd5 22. Nc4 Bf8 23. a3 Qd7 24. Ne5 Qf5 25. Rc1 Re8 26. Qd2 f6 27. Nd3 Qe4+
28. Kg1 Qf3 29. Ne1 Qh5 30. Nd3 a6 {Dale necitelne} 1-0

[Event "OPEN A"]
[Site "?"]
[Date "2008.08.24"]
[Round "2.30"]
[White "Siktanc, P."]
[Black "Bernath, S."]
[Result "1-0"]
[WhiteElo "2197"]
[BlackElo "1952"]
[PlyCount "104"]
[EventDate "2008.08.23"]
[SourceDate "2008.08.24"]

1. d4 Nf6 2. Nf3 e6 3. Bg5 d5 4. Nbd2 Be7 5. e3 O-O 6. Bd3 Nbd7 7. c3 b6 8. O-O
Bb7 9. Qb1 h6 10. Bh4 c5 11. b4 cxd4 12. cxd4 Rc8 13. Rd1 Nh5 14. Bxe7 Qxe7 15.
Qb2 Nhf6 16. Rac1 Ne4 17. Bb5 Nd6 18. Be2 Nf6 19. Ne5 Nde4 20. Nxe4 dxe4 21. b5
Qd6 22. h3 Nd5 23. a3 Ne7 24. Nc4 Qb8 25. Rc2 Bd5 26. Rdc1 Bxc4 27. Bxc4 Nd5
28. Bxd5 exd5 29. Qb3 Qb7 30. Kh2 Rxc2 31. Rxc2 Qd7 32. Rc6 Rd8 33. Qc3 Kf8 34.
Rc7 Qd6+ 35. Kg1 Rd7 36. Rc6 Qe7 37. a4 f6 38. a5 bxa5 39. Qxa5 Kf7 40. Rc8 Kg6
41. Qc3 Rb7 42. Rc5 Rd7 43. Kf1 Qe6 44. Rc6 Qe7 45. Ke2 Qd8 46. g3 Qb8 47. Qb4
Qd8 48. Kf1 Qb8 49. Qc5 Qd8 50. Kg2 Qb8 51. Rc8 Qb7 52. h4 h5 1-0

[Event "OPEN A"]
[Site "?"]
[Date "2008.08.24"]
[Round "2.31"]
[White "Berg, A."]
[Black "Galandauer, J."]
[Result "0-1"]
[WhiteElo "1914"]
[BlackElo "2123"]
[PlyCount "64"]
[EventDate "2008.08.23"]
[SourceDate "2008.08.24"]

1. e4 c5 2. Nc3 e6 3. g3 Nc6 4. Bg2 Nf6 5. d3 d5 6. exd5 exd5 7. Bg5 d4 8. Ne4
Be7 9. Bxf6 Bxf6 10. Qd2 Be7 11. f4 O-O 12. Ne2 Nb4 13. a3 Nd5 14. O-O-O Ne3
15. Rdg1 f5 16. Nf2 Nxg2 17. Rxg2 Qd5 18. Rhg1 Qa2 19. Kd1 Qxb2 20. g4 g6 21.
gxf5 Bxf5 22. Ng4 Bxg4 23. Rxg4 Qxa3 24. h4 Qa1+ 25. Nc1 Rf5 26. Qe2 Kf8 27.
Re1 Re8 28. Qe6 Qa6 29. Qb3 Qc6 30. Re4 b5 31. Rg1 Bxh4 32. Rxe8+ Qxe8 0-1

[Event "OPEN A"]
[Site "?"]
[Date "2008.08.24"]
[Round "2.32"]
[White "Vevera, R."]
[Black "Lexa, V."]
[Result "1-0"]
[WhiteElo "2090"]
[BlackElo "1937"]
[PlyCount "35"]
[EventDate "2008.08.23"]
[SourceDate "2008.08.24"]

1. e4 c5 2. Nf3 d6 3. d4 cxd4 4. Nxd4 Nf6 5. Nc3 a6 6. Bg5 e6 7. Qd2 Nbd7 8.
O-O-O b5 9. a3 Rb8 10. Nc6 Qc7 11. Nxb8 Qxb8 12. f4 Be7 13. Bd3 b4 14. axb4
Qxb4 15. Rhe1 O-O 16. e5 dxe5 17. fxe5 Ng4 18. Re4 1-0

[Event "Open A"]
[Site "?"]
[Date "2008.08.24"]
[Round "2.33"]
[White "Stepanek, S."]
[Black "Rutter, L."]
[Result "1/2-1/2"]
[WhiteElo "2044"]
[BlackElo "1893"]
[PlyCount "63"]
[EventDate "2008.08.22"]
[SourceDate "2008.08.24"]

1. e4 Nf6 2. e5 Nd5 3. d4 d6 4. c4 Nb6 5. exd6 cxd6 6. Nc3 g6 7. Be3 Bg7 8. h3
Nc6 9. Nf3 O-O 10. Rc1 e6 11. Be2 Ne7 12. O-O Nf5 13. Bf4 Re8 14. c5 dxc5 15.
dxc5 Nd5 16. Be5 f6 17. Bh2 Kh8 18. Qb3 Nxc3 19. Rxc3 e5 20. Rd1 Qe7 21. Bb5
Be6 22. Qc2 Red8 23. Nd2 Nd4 24. Qa4 Nxb5 25. Qxb5 Bh6 26. f4 e4 27. Qa4 f5 28.
b4 Bg7 29. Rcc1 Bd5 30. Kh1 a6 31. Qc2 Bf7 32. Bg1 1/2-1/2

[Event "OPEN A"]
[Site "?"]
[Date "2008.08.24"]
[Round "2.34"]
[White "Machalik, M."]
[Black "Musil, V."]
[Result "0-1"]
[WhiteElo "1877"]
[BlackElo "2039"]
[Annotator "Voracek,Zdenek"]
[PlyCount "43"]
[EventDate "2008.08.23"]
[SourceDate "2008.08.24"]

1. e4 e5 2. Nc3 Nf6 3. Bc4 Nxe4 4. Qh5 Nd6 5. Bb3 Nc6 6. Nb5 g6 7. Qf3 f5 8.
Qd5 Qe7 9. Nxc7+ Kd8 10. Nxa8 b6 11. Qf3 Bb7 12. d3 Nd4 13. Qh3 Bxa8 14. Be3
Bg7 15. O-O-O Nxb3+ 16. axb3 Bd5 17. Ne2 Kc8 18. Rhe1 g5 19. g4 f4 20. Bd2 Be6
21. Qf3 h5 22. h3 {Dale necitelne} 0-1

[Event "Open A"]
[Site "?"]
[Date "2008.08.24"]
[Round "2.35"]
[White "Hadrava, J."]
[Black "Hampl, R."]
[Result "1/2-1/2"]
[WhiteElo "2011"]
[BlackElo "1826"]
[PlyCount "45"]
[EventDate "2008.08.22"]
[SourceDate "2008.08.24"]

1. e4 c5 2. Nf3 e6 3. Nc3 Nc6 4. d4 cxd4 5. Nxd4 Nf6 6. Ndb5 Bc5 7. Nd6+ Ke7 8.
Bf4 Qb6 9. Qd2 Bxf2+ 10. Qxf2 Qxb2 11. Nxc8+ Kd8 12. Rb1 Qxc3+ 13. Bd2 Qe5 14.
Nd6 Qxd6 15. Bd3 b6 16. Bg5 Qe7 17. O-O Rc8 18. Bxf6 gxf6 19. Qh4 Qc5+ 20. Kh1
Qg5 21. Qxg5 fxg5 22. Rxf7 Ne5 23. Rg7 1/2-1/2

[Event "OpenA"]
[Site "?"]
[Date "2008.08.24"]
[Round "2.36"]
[White "Kyselka"]
[Black "Prochazka, P."]
[Result "1/2-1/2"]
[WhiteElo "1802"]
[BlackElo "1994"]
[PlyCount "51"]
[EventDate "2008.08.23"]
[SourceDate "2008.08.24"]

1. d4 d5 2. Nf3 Nc6 3. g3 Bg4 4. Bg2 Qd7 5. a3 Bxf3 6. Bxf3 O-O-O 7. Nc3 e6 8.
Bg2 Nge7 9. e3 f6 10. Ne2 e5 11. c3 Kb8 12. a4 Nf5 13. a5 exd4 14. exd4 Re8 15.
O-O g5 16. b4 Nd8 17. Qd3 h5 18. Ra2 Qe6 19. b5 Nd6 20. f4 Bh6 21. f5 Qf7 22.
Ba3 Nc4 23. Bc5 Re3 24. Qc2 Rhe8 25. Qd1 Bf8 26. b6 1/2-1/2

[Event "Open A"]
[Site "?"]
[Date "2008.08.24"]
[Round "2.37"]
[White "Schmalz, M."]
[Black "Chromovsky, H."]
[Result "1-0"]
[WhiteElo "1993"]
[BlackElo "1804"]
[PlyCount "72"]
[EventDate "2008.08.22"]
[SourceDate "2008.08.24"]

1. e4 c5 2. Nf3 e6 3. d4 cxd4 4. Nxd4 a6 5. c4 Qc7 6. Nc3 Nf6 7. Bd3 Bb4 8. O-O
b6 9. Bg5 Be7 10. Qe2 d6 11. Kh1 Nbd7 12. f4 Bb7 13. Rae1 h6 14. Bh4 Qc5 15.
Bf2 Qh5 16. f5 Qxe2 17. Rxe2 Nc5 18. Bc2 Ng4 19. Bg1 O-O 20. b4 e5 21. bxc5
exd4 22. cxd6 Bxd6 23. Nd5 Bc5 24. Rd1 Ne5 25. Bxd4 Nxc4 26. Bb3 Bxd4 27. Rxd4
Na5 28. Nxb6 Nxb3 29. axb3 Rad8 30. Rxd8 Rxd8 31. Kg1 Rd3 32. e5 Rxb3 33. Nd7
Kh7 34. e6 fxe6 35. fxe6 Bc6 36. Nc5 a5 1-0

[Event "OPEN A"]
[Site "?"]
[Date "2008.08.24"]
[Round "2.38"]
[White "Zima, T."]
[Black "Rmoutil, M."]
[Result "1-0"]
[WhiteElo "1822"]
[BlackElo "1988"]
[Annotator "Voracek,Zdenek"]
[PlyCount "56"]
[EventDate "2008.08.23"]
[SourceDate "2008.08.24"]

1. g3 Nf6 2. Bg2 g6 3. c4 c5 4. Nc3 Nc6 5. a3 Bg7 6. f4 d6 7. e3 O-O 8. h3 Rb8
9. Rb1 e5 10. Nge2 Nh5 11. O-O exf4 12. gxf4 Bd7 13. b4 Ne7 14. b5 Nf5 15. Kh2
Re8 16. e4 Nh4 17. Bh1 f5 18. d3 Be6 19. Nd5 Bxd5 20. cxd5 Qe7 21. Ng3 Nf6 22.
Re1 Nd7 23. Bd2 Qf6 24. a4 Qd4 25. Be3 Qf6 26. Bd2 Qd4 27. Be3 Qf6 28. Bd2 Bh6
{Dale necitelne!} 1-0

[Event "OPEN A"]
[Site "?"]
[Date "2008.08.24"]
[Round "2.39"]
[White "Hlina, M."]
[Black "Postupa, M."]
[Result "0-1"]
[WhiteElo "1783"]
[BlackElo "1984"]
[PlyCount "100"]
[EventDate "2008.08.23"]
[SourceDate "2008.08.24"]

1. d4 d5 2. b3 e6 3. Bb2 Nf6 4. Nf3 c5 5. e3 Nc6 6. Nbd2 Bd6 7. Be2 O-O 8. O-O
b6 9. Rc1 Bb7 10. c3 Rc8 11. a3 Qe7 12. dxc5 Bxc5 13. b4 Bd6 14. c4 Rfd8 15.
Qb3 Ne4 16. Rfd1 Bb8 17. Ne1 dxc4 18. Bxc4 Ng5 19. Ndf3 Nxf3+ 20. Nxf3 a6 21.
Be2 Rxd1+ 22. Rxd1 e5 23. g3 e4 24. Nd4 Ne5 25. Nf5 Qf6 26. Bxe5 Bxe5 27. Nd4
Rd8 28. Qc4 Rc8 29. Qb3 b5 30. a4 bxa4 31. Qxa4 Rd8 32. b5 Bxd4 33. Rxd4 Rxd4
34. Qxd4 Qxd4 35. exd4 a5 36. Kf1 Kf8 37. Bc4 Ke7 38. Ke2 f6 39. Kd2 Kd6 40.
Kc3 g5 41. Kb3 Kc7 42. Ka4 Kb6 43. Be6 e3 44. fxe3 Be4 45. d5 Bc2+ 46. Ka3 Kxb5
47. d6 Kc6 48. d7 Kc7 49. h4 h6 50. h5 Kd8 0-1

[Event "Open A"]
[Site "?"]
[Date "2008.08.24"]
[Round "2.40"]
[White "Lacha"]
[Black "Pospisil"]
[Result "1/2-1/2"]
[WhiteElo "1979"]
[BlackElo "1758"]
[PlyCount "28"]
[EventDate "2008.08.22"]
[SourceDate "2008.08.24"]

1. d4 d5 2. Nc3 Nf6 3. Bg5 Bf5 4. e3 Nbd7 5. Bd3 Bg6 6. Bxg6 hxg6 7. Nf3 c6 8.
Qd3 Qb6 9. O-O-O e6 10. e4 dxe4 11. Nxe4 Nxe4 12. Qxe4 Qa5 13. Kb1 Qd5 14. Qd3
Nf6 1/2-1/2

[Event "OPEN A"]
[Site "?"]
[Date "2008.08.24"]
[Round "2.41"]
[White "Hajek, J."]
[Black "Moravec, V."]
[Result "1/2-1/2"]
[WhiteElo "1713"]
[BlackElo "1966"]
[PlyCount "74"]
[EventDate "2008.08.23"]
[SourceDate "2008.08.24"]

1. d4 d5 2. Nf3 c6 3. Bf4 Bg4 4. Ne5 Bh5 5. g4 Bg6 6. Nxg6 hxg6 7. e3 e6 8. c4
Bd6 9. Bxd6 Qxd6 10. c5 Qc7 11. h3 e5 12. Qe2 Nd7 13. Nc3 O-O-O 14. O-O-O g5
15. Bg2 Ne7 16. Qf3 f6 17. Qg3 Ng6 18. Bf1 exd4 19. Qxc7+ Kxc7 20. exd4 Nf4 21.
Ne2 Rh4 22. Nxf4 gxf4 23. Re1 Rg8 24. Bd3 Kd8 25. Re6 Re8 26. Rd6 Kc7 27. Kd2
Rhh8 28. h4 Nb6 29. g5 Nc8 30. gxf6 Nxd6 31. cxd6+ Kxd6 32. f7 Re7 33. Bg6 Ke6
34. h5 Rxf7 35. Bxf7+ Kxf7 36. Rh4 Ke7 37. Rg4 Kf6 1/2-1/2

[Event "Open A"]
[Site "?"]
[Date "2008.08.24"]
[Round "2.42"]
[White "Havrlik, P."]
[Black "Urban, M."]
[Result "1/2-1/2"]
[WhiteElo "1965"]
[BlackElo "1875"]
[PlyCount "66"]
[EventDate "2008.08.22"]
[SourceDate "2008.08.24"]

1. c4 Nf6 2. Nc3 e6 3. e4 d5 4. e5 Ne4 5. cxd5 exd5 6. Nxe4 dxe4 7. Qa4+ Nc6 8.
Qxe4 Qd4 9. Qxd4 Nxd4 10. Bd3 Be6 11. Ne2 Bc5 12. Be4 O-O-O 13. Nc3 Bc4 14. b3
Ba6 15. Bb2 Rhe8 16. f4 f6 17. O-O-O fxe5 18. fxe5 Rxe5 19. Bxh7 Rde8 20. Na4
Ne2+ 21. Kb1 Bd4 22. Nc3 Rg5 23. Nxe2 Bxb2 24. Kxb2 Bxe2 25. Rde1 Rxg2 26. Bf5+
Kd8 27. Rhg1 Rf2 28. Bg6 Re7 29. h4 Rh2 30. h5 Bxh5 31. Rxe7 Kxe7 32. Bxh5 Rxh5
33. Rxg7+ Kd6 1/2-1/2

[Event "OPEN A"]
[Site "?"]
[Date "2008.08.24"]
[Round "2.43"]
[White "Havelka, P."]
[Black "Sedivy, O."]
[Result "1/2-1/2"]
[WhiteElo "1947"]
[BlackElo "1638"]
[PlyCount "57"]
[EventDate "2008.08.23"]
[SourceDate "2008.08.24"]

1. d4 d5 2. c4 c6 3. cxd5 cxd5 4. Nc3 Nc6 5. Nf3 Bg4 6. e3 Nf6 7. Be2 e6 8. O-O
Be7 9. Bd2 O-O 10. Rc1 Rc8 11. h3 Bh5 12. a3 a6 13. Na4 Ne4 14. b4 b5 15. Nc5
Bxc5 16. dxc5 Qc7 17. g4 Bg6 18. Kg2 Nxd2 19. Nxd2 f5 20. f4 e5 21. g5 Rcd8 22.
Nb3 Rfe8 23. Rf2 Bf7 24. Qc2 g6 25. Rcf1 d4 26. exd4 Nxd4 27. Nxd4 Rxd4 28.
fxe5 Qxe5 29. Bf3 1/2-1/2

[Event "OPEN A"]
[Site "?"]
[Date "2008.08.24"]
[Round "2.44"]
[White "Havlicek, P."]
[Black "Hlavnicka, J."]
[Result "1/2-1/2"]
[WhiteElo "1601"]
[BlackElo "1954"]
[PlyCount "20"]
[EventDate "2008.08.23"]
[SourceDate "2008.08.24"]

1. e4 c5 2. Nf3 Nc6 3. d4 cxd4 4. Nxd4 g6 5. Nc3 Bg7 6. Be3 Nf6 7. Be2 O-O 8.
O-O d5 9. Nxc6 bxc6 10. exd5 cxd5 1/2-1/2

[Event "Open B"]
[Site "?"]
[Date "2008.08.24"]
[Round "2.1"]
[White "Kalvach, L."]
[Black "Franc, O."]
[Result "1-0"]
[WhiteElo "1863"]
[BlackElo "1598"]
[PlyCount "75"]
[EventDate "2008.08.22"]
[SourceDate "2008.08.24"]

1. e4 e5 2. Nf3 Nc6 3. Bc4 Nf6 4. d3 Bc5 5. O-O O-O 6. c3 d6 7. b4 Bb6 8. a4 a6
9. h3 Ne7 10. Re1 Ng6 11. d4 h6 12. Nbd2 Re8 13. Qc2 c6 14. d5 Qc7 15. Ba3 Nf4
16. dxc6 bxc6 17. Rac1 Bb7 18. Bf1 d5 19. exd5 cxd5 20. c4 dxc4 21. Qxc4 Rac8
22. Qb3 Qb8 23. Rxc8 Bxc8 24. Nc4 Bc7 25. b5 axb5 26. axb5 Be6 27. b6 Nd7 28.
Rb1 Bxb6 29. Qb5 Bxc4 30. Bxc4 Qa7 31. Bd6 Bxf2+ 32. Kh2 e4 33. Ne5 Ne6 34.
Nxd7 Rd8 35. Bxe6 fxe6 36. Bc5 Qc7+ 37. Kh1 Bg3 38. Rd1 1-0

[Event "Open B"]
[Site "?"]
[Date "2008.08.24"]
[Round "2.2"]
[White "Fojtu, T."]
[Black "Silhanek, J."]
[Result "1-0"]
[WhiteElo "1603"]
[BlackElo "1763"]
[PlyCount "94"]
[EventDate "2008.08.23"]
[SourceDate "2008.08.24"]

1. e4 c5 2. Nf3 Nc6 3. d4 cxd4 4. Nxd4 d6 5. Nxc6 bxc6 6. Bd3 g6 7. O-O Bg7 8.
c3 Nf6 9. h3 Rb8 10. Nd2 O-O 11. f4 e5 12. f5 Nh5 13. Nf3 d5 14. fxg6 hxg6 15.
Nh2 Qb6+ 16. Rf2 Nf6 17. Qf3 dxe4 18. Bxe4 Nxe4 19. Qxe4 Bf5 20. Qe2 Be6 21.
Be3 Qc7 22. Ng4 f5 23. Nh2 Rfe8 24. Qa6 Rb7 25. Rd1 Bf7 26. Rfd2 Be6 27. Kh1 f4
28. Bc5 Kh7 29. Nf3 Bf6 30. Bd6 Qb6 31. Qxb6 axb6 32. Bxe5 Bxe5 33. Nxe5 Bxa2
34. Rd7+ Re7 35. Rxb7 Rxb7 36. Nxc6 Rc7 37. Rd6 b5 38. Ne5 Bb1 39. Rd7+ Rxd7
40. Nxd7 Kg7 41. Nc5 Kf6 42. Nb3 Ke5 43. Kg1 Bc2 44. Nd2 Bd3 45. Kf2 Kf5 46. g3
fxg3+ 47. Kxg3 Be2 1-0

[Event "Open B"]
[Site "?"]
[Date "2008.08.24"]
[Round "2.53"]
[White "Rubes, Z."]
[Black "Lorenc, D."]
[Result "1-0"]
[WhiteElo "1757"]
[BlackElo "1586"]
[PlyCount "49"]
[EventDate "2008.08.22"]
[SourceDate "2008.08.24"]

1. d4 Nf6 2. Nf3 c5 3. e3 e6 4. Bd3 d5 5. c4 dxc4 6. Bxc4 cxd4 7. exd4 Bb4+ 8.
Nc3 O-O 9. O-O Nbd7 10. Qb3 Bxc3 11. bxc3 a6 12. a4 Nb6 13. Bd3 Qc7 14. Ne5 Rd8
15. Rb1 Nbd5 16. c4 Ne7 17. Be3 Nc6 18. Nf3 Ng4 19. h3 Nxe3 20. fxe3 Na5 21.
Qc2 g6 22. Ne5 Rf8 23. c5 Bd7 24. Rb6 Bc6 25. Qc3 1-0

[Event "OPEN B"]
[Site "?"]
[Date "2008.08.24"]
[Round "2.4"]
[White "Vorisek, M."]
[Black "Pospisil, P."]
[Result "0-1"]
[WhiteElo "1587"]
[BlackElo "1717"]
[PlyCount "68"]
[EventDate "2008.08.23"]
[SourceDate "2008.08.24"]

1. e4 c5 2. Nf3 d6 3. d4 cxd4 4. Nxd4 Nf6 5. Nc3 a6 6. Be2 e6 7. O-O b5 8. Bf3
Ra7 9. Be3 Rd7 10. a3 Bb7 11. Qd3 Qc8 12. Rad1 Nc6 13. Nxc6 Bxc6 14. Rfe1 Qb7
15. Bf4 Be7 16. g4 O-O 17. g5 Ne8 18. h4 e5 19. Bc1 Nc7 20. Bg4 Rdd8 21. Qh3
Ne8 22. h5 Bd7 23. Bf5 g6 24. Nd5 Bxf5 25. exf5 gxf5 26. Qxf5 Ng7 27. Nf6+ Bxf6
28. Qxf6 Nxh5 29. Qh6 Ng7 30. Rd3 Qd7 31. Rxe5 Qg4+ 32. Rg3 Qd1+ 33. Kg2 dxe5
34. Rh3 Qxc2 0-1

[Event "Open B"]
[Site "?"]
[Date "2008.08.24"]
[Round "2.5"]
[White "Soltys, R."]
[Black "Blumel, M."]
[Result "0-1"]
[WhiteElo "1568"]
[BlackElo "1675"]
[PlyCount "136"]
[EventDate "2008.08.22"]
[SourceDate "2008.08.24"]

1. Nf3 Nc6 2. d4 e6 3. e3 Nf6 4. Nbd2 Be7 5. c3 O-O 6. Bd3 d6 7. O-O e5 8. Qc2
h6 9. a3 Be6 10. Re1 Nd7 11. e4 exd4 12. cxd4 d5 13. e5 a6 14. h3 Re8 15. Nf1
Nf8 16. Ng3 f6 17. Bg6 Nxg6 18. Qxg6 Bf7 19. Qg4 g5 20. e6 Bg6 21. h4 Bf8 22.
h5 Bh7 23. Nf5 Ne7 24. N3h4 Kh8 25. Nxe7 Qxe7 26. Nf5 Bxf5 27. Qxf5 Rad8 28.
Bd2 Qh7 29. g4 Qxf5 30. gxf5 Bd6 31. Kg2 Kg7 32. f3 Kf8 33. Re2 Ke7 34. Rc1 c6
35. Ba5 Rc8 36. Rec2 Rg8 37. Bb6 g4 38. f4 Bxf4 39. Bc5+ Bd6 40. Rf1 Rg5 41.
Bxd6+ Kxd6 42. Kg3 Rxh5 43. Kxg4 Rg5+ 44. Kh4 Rcg8 45. Rf4 Rg1 46. Kh3 R8g5 47.
Kh2 h5 48. Re2 Ke7 49. Ref2 R5g4 50. Rxg4 Rxg4 51. Rg2 Rg5 52. Rxg5 fxg5 53. b4
b6 54. Kg3 Kf6 55. Kh3 a5 56. Kg3 a4 57. Kh3 h4 58. Kg4 c5 59. bxc5 bxc5 60.
dxc5 d4 61. c6 d3 62. c7 d2 63. c8=Q d1=Q+ 64. Kh3 Qf1+ 65. Kh2 Qf2+ 66. Kh1
Qxf5 67. Qc6 h3 68. Qxa4 Qf1+ 0-1

[Event "OPEN B"]
[Site "?"]
[Date "2008.08.24"]
[Round "2.6"]
[White "Klima, J."]
[Black "Soltysova, A."]
[Result "1-0"]
[WhiteElo "1667"]
[BlackElo "1543"]
[PlyCount "95"]
[EventDate "2008.08.23"]
[SourceDate "2008.08.24"]

1. e4 c6 2. d4 d5 3. Nc3 dxe4 4. Nxe4 Bf5 5. Ng3 Bg6 6. h4 h6 7. Nf3 Nd7 8. h5
Bh7 9. Bd3 Bxd3 10. Qxd3 e6 11. Bd2 Qb6 12. O-O-O Ngf6 13. c4 Ng4 14. Qe2 O-O-O
15. Bc3 Bb4 16. Ne4 Ndf6 17. c5 Qa5 18. Bxb4 Qxb4 19. Nd6+ Rxd6 20. cxd6 Qxd6
21. Ne5 Nxe5 22. dxe5 Qc5+ 23. Kb1 Nd5 24. Rh4 Kc7 25. Rg4 Rg8 26. g3 Qb6 27.
Qf3 f6 28. exf6 Nxf6 29. Rgd4 Qa5 30. g4 Re8 31. Qd3 Nd5 32. Qg6 Re7 33. f4 Qb5
34. Re1 Nc3+ 35. Ka1 Qa5 36. a3 Nb5 37. Re5 Qa6 38. Rd3 Nd6 39. Rd1 Qa4 40. Qd3
Rd7 41. Rxe6 Qxf4 42. Qg6 Qg3 43. Rde1 Qb3 44. Re7 Nc4 45. Rxd7+ Kxd7 46. Qxg7+
Kd6 47. Qd4+ Kc7 48. Re7+ 1-0

[Event "OPEN B"]
[Site "?"]
[Date "2008.08.24"]
[Round "2.7"]
[White "Starychfojtu, J."]
[Black "Mates, M."]
[Result "1-0"]
[WhiteElo "1533"]
[BlackElo "1661"]
[PlyCount "93"]
[EventDate "2008.08.23"]
[SourceDate "2008.08.24"]

1. Nf3 g6 2. c4 Bg7 3. d4 Nh6 4. Nc3 d6 5. e4 Nd7 6. h3 f6 7. Be3 Nf7 8. b4 b6
9. Qb3 O-O 10. Be2 Re8 11. O-O Nf8 12. Rac1 Bd7 13. Nd5 e6 14. Nc3 g5 15. Nh2
Ng6 16. Bh5 c6 17. Ne2 e5 18. dxe5 dxe5 19. Rfd1 Qe7 20. Ng3 Nh6 21. Be2 Be6
22. Bd3 Bf7 23. a3 c5 24. bxc5 bxc5 25. Ne2 Nf4 26. Bxf4 exf4 27. Nc3 Rab8 28.
Qc2 Be6 29. Nd5 Bxd5 30. exd5 Bf8 31. Nf3 Rb7 32. Re1 Qd7 33. Rxe8 Qxe8 34. Re1
Qh5 35. Nh2 Rf7 36. Re8 f5 37. Qa4 Re7 38. Rxe7 Bxe7 39. Qd7 Bf6 40. Qc8+ Kg7
41. Qxc5 Qd1+ 42. Bf1 g4 43. Qc7+ Nf7 44. hxg4 Be5 45. Qd7 Bd4 46. Nf3 Qc2 47.
Nxd4 1-0

[Event "OPEN A"]
[Site "?"]
[Date "2008.08.24"]
[Round "2.8"]
[White "Fiala, J."]
[Black "Brezinova, J."]
[Result "1-0"]
[WhiteElo "1658"]
[BlackElo "1496"]
[PlyCount "55"]
[EventDate "2008.08.23"]
[SourceDate "2008.08.24"]

1. e4 e5 2. Nf3 Nc6 3. Bb5 Nf6 4. O-O Ne7 5. Nxe5 Nxe4 6. Qh5 g6 7. Qf3 f5 8.
Re1 Bg7 9. Rxe4 a6 10. Bxd7+ Bxd7 11. Re3 Bxe5 12. Rxe5 Bc6 13. Qe3 Kf7 14. Nc3
Re8 15. b3 Nd5 16. Nxd5 Bxd5 17. Bb2 Qd6 18. Re1 Rxe5 19. Bxe5 Qc6 20. Qh6 Rg8
21. Qxh7+ Kf8 22. Qxc7 Qxc7 23. Bxc7 Kf7 24. c4 Be4 25. d4 Rc8 26. Be5 Ke6 27.
f3 Bc2 28. Kf2 1-0

[Event "OPEN B"]
[Site "?"]
[Date "2008.08.24"]
[Round "2.9"]
[White "Riha, F."]
[Black "Rut, V."]
[Result "0-1"]
[WhiteElo "1469"]
[BlackElo "1649"]
[PlyCount "58"]
[EventDate "2008.08.23"]
[SourceDate "2008.08.24"]

1. e4 g6 2. d4 Bg7 3. c3 d5 4. e5 c5 5. Bd2 Nc6 6. Bb5 Qb6 7. Bxc6+ bxc6 8. Qc2
Bf5 9. Qc1 Rc8 10. Ne2 cxd4 11. cxd4 c5 12. b3 cxd4 13. Qa3 Bxe5 14. Ba5 Qc5
15. b4 Qc2 16. Nd2 Rc3 17. Nxc3 dxc3 18. Nf3 Bd3 19. Qa4+ Qxa4 20. Nxe5 Qc2 21.
Nxd3 Qxd3 22. Rd1 Qe4+ 23. Kf1 c2 24. Rc1 Qd3+ 25. Ke1 Qc3+ 26. Ke2 d4 27. b5
Qxa5 28. Kd3 e5 29. Rxc2 e4+ 0-1

[Event "Open B"]
[Site "?"]
[Date "2008.08.24"]
[Round "2.10"]
[White "Rihova, K."]
[Black "Franek, J."]
[Result "1-0"]
[WhiteElo "1649"]
[BlackElo "1250"]
[PlyCount "81"]
[EventDate "2008.08.23"]
[SourceDate "2008.08.24"]

1. e4 e5 2. Nc3 Bc5 3. Bc4 d6 4. d3 Nc6 5. Nge2 Nge7 6. O-O Bg4 7. Be3 Nd4 8.
Qd2 Nec6 9. h3 Bh5 10. Ng3 Bg6 11. Bg5 f6 12. Be3 Qd7 13. Nd5 Ne7 14. c3 Ne6
15. Nxe7 Qxe7 16. Rad1 Bxe3 17. fxe3 Nc5 18. Nf5 Qd7 19. Qc2 O-O-O 20. b4 Na4
21. Qb3 Rde8 22. b5 Nc5 23. Qa3 Kb8 24. Rb1 Rhg8 25. Bxg8 Rxg8 26. c4 b6 27.
Qc3 Bh5 28. Ng3 Bf7 29. Ra1 Be6 30. Kh2 Rf8 31. a4 g6 32. a5 f5 33. d4 Nb7 34.
axb6 axb6 35. exf5 gxf5 36. dxe5 dxe5 37. Qxe5 Bxc4 38. Rxf5 Rxf5 39. Nxf5 Bxb5
40. Nd4 Bd3 41. Qh8+ 1-0